Loading...
| Fine Arts - Classical Music | 1 | 0.00 | 0% | 0% | 0% |
| Fine Arts - Other | 4 | 7.50 | 75% | 0% | 0% |
| Fine Arts - Painting and Sculpture | 4 | 2.50 | 25% | 0% | 0% |
| Geography | 1 | 10.00 | 100% | 0% | 0% |
| History - American | 1 | 10.00 | 100% | 0% | 0% |
| History - European | 2 | 10.00 | 100% | 0% | 0% |
| History - Other | 1 | 10.00 | 100% | 0% | 0% |
| History - World | 1 | 10.00 | 100% | 0% | 0% |
| Literature - American | 3 | 3.33 | 33% | 0% | 0% |
| Literature - British | 1 | 0.00 | 0% | 0% | 0% |
| Literature - European | 2 | 5.00 | 50% | 0% | 0% |
| Literature - World | 2 | 5.00 | 50% | 0% | 0% |
| Mythology | 2 | 5.00 | 50% | 0% | 0% |
| Religion | 3 | 6.67 | 67% | 0% | 0% |
| Science - Biology | 1 | 10.00 | 100% | 0% | 0% |
| Science - Chemistry | 1 | 10.00 | 100% | 0% | 0% |
| Science - Other | 1 | 10.00 | 100% | 0% | 0% |
| Science - Physics | 1 | 10.00 | 100% | 0% | 0% |
| Social Science | 6 | 6.67 | 67% | 0% | 0% |